Statistiques concernant Capitales de territoires, îles ou états à statut spécial

Cliquez ici pour prendre le quiz!

Statistiques générales

  • Ce quiz a été pris 123 fois
  • Le résultat moyen est 6 sur 14

Statistiques - réponses

Réponse% Correct
Nuuk
77%
Nouméa
72%
San Juan
65%
Douglas
45%
Hamilton
43%
Oranjestad
41%
Willemstad
41%
Alofi
39%
Avarua
36%
The Valley
36%
Torshavn
33%
Charlotte-Amélie
32%
Road Town
31%
Port Stanley
29%

Distribution des résultats

Percentile par nombre de réponses

% des personnes avec chaque résultat

Votre développement - résultats

Vous n’avez pas pris ce quiz